| 000 | 00670nam a2200181Ia 4500 | ||
|---|---|---|---|
| 003 | GCL | ||
| 008 | 140319s9999 xx 000 0 ara d | ||
| 040 |
_aGCL / _cGCL |
||
| 082 | 0 | 4 |
_a370.1 _bم ت |
| 100 | 1 | _aمحمد يسرى ابراهيم دعبس | |
| 245 | 1 | 0 |
_aالتربية الأسرية : مفومها - التربية طبيعتها وهدفها -- أبعادها - التربية تحدياتها / _cمحمد يسرى ابراهيم دعبس |
| 490 |
_aالأسرة التربوية _v0 |
||
| 650 | 0 | 4 | _aالاسرة |
| 650 | 0 | 4 | _aالتربية |
| 650 | 0 | 4 | _aالعلاقات الاسرية |
| 650 | 0 | 4 | _aالاباء والابناء |
| 942 |
_2ddc _cBK |
||
| 999 |
_c42094 _d42094 |
||